The planets Οι πλανήτες.
"Ένα ταξίδι στο διάστημα. Η ιστορία των διαστημικών αποστολών στους πλανήτες του ηλιακού μας συστήματος και όλες οι τελευταίες ανακαλύψεις". - Περίληψη από το κιβώτιο....
Αποθηκεύτηκε σε:
| Μορφή: | |
|---|---|
| Γλώσσα: | English Greek |
| Δημοσίευση: |
[S.l.] :
BBC,
[1999].
|
| Σειρά: | BBC science series
|
| Θέματα: | |
| Ετικέτες: |
Προσθήκη ετικέτας
Δεν υπάρχουν, Καταχωρήστε ετικέτα πρώτοι!
|
MARC
| LEADER | 00000cgm a2200000 i 4500 | ||
|---|---|---|---|
| 001 | 1/98564 | ||
| 008 | 081202s1999####xx ||| | || ||eng|| | ||
| 035 | |l 10102138 | ||
| 040 | |a GR-MY-UA |b gre |e aacr | ||
| 041 | 0 | |a eng |a gre | |
| 082 | 0 | |a 523.4 |2 (22) | |
| 245 | 1 | 4 | |a The planets |h [μαγνητοσκόπηση] = |b Οι πλανήτες. |
| 246 | 1 | |i Παράλληλος τίτλος: |a Οι πλανήτες |h [μαγνητοσκόπηση] | |
| 260 | |a [S.l.] : |b BBC, |c [1999]. | ||
| 300 | |a 2 βιντεοδίσκοι (390 λεπτ.) : |b ομίλ., έγχρ. ; |c 4 3/4 ίν. | ||
| 490 | 1 | |a BBC science series | |
| 500 | |a Κυκλοφόρησε πρώτη φορά ως τηλεοπτική σειρά ντοκιμαντέρ του BBC. | ||
| 500 | |a Στα αγγλικά και ελληνικά. | ||
| 508 | |a Αφηγητής: Samuel West, αφηγητής στα ελληνικά: Δημήτρης Κοντογιάννης, μουσική: Jim Meacock, εκτέλεση παραγωγής: John Lynch, παραγωγός σειράς: David McNab. | ||
| 520 | |a "Ένα ταξίδι στο διάστημα. Η ιστορία των διαστημικών αποστολών στους πλανήτες του ηλιακού μας συστήματος και όλες οι τελευταίες ανακαλύψεις". - Περίληψη από το κιβώτιο. | ||
| 650 | 0 | 0 | |a Documentary television programs. |
| 650 | 0 | 0 | |a Planets. |
| 650 | 0 | 0 | |a Solar system. |
| 830 | 0 | |a BBC science series | |
| 852 | |a INST |b SYROS |c AV |e 20081202 |h 523.4 PLA |p 005500008860 |q 005500008860 |t DVD |y 23 |z Disc.2 | ||
| 852 | |a INST |b SYROS |c AV |e 20081202 |h 523.4 PLA |p 005500008861 |q 005500008861 |t DVD |y 23 |z Disc.1 | ||
| 852 | |a INST |b SYROS |c AV |e 20081202 |h 523.4 PLA |p 005500008860 |q 005500008860 |t DVD |v Disc.2: |y 23 |z Disc.2 | ||
| 852 | |a INST |b SYROS |c AV |e 20081202 |h 523.4 PLA |p 005500008861 |q 005500008861 |t DVD |v Disc.1: |y 23 |z Disc.1 | ||
| 853 | |a INST |b SYROS |c AV |h 523.4 PLA | ||
| 901 | |a BIBL5-2008-1 | ||
| 909 | |a Ε |b 154423 | ||
| 909 | |a Ε |b 154424 | ||
| 922 | |a 5ΕΛΗ |b 200709 |c ΒΙΒΛΙΟΘΗΚΗ ΣΥΡΟΥ |d ANACO | ||
| 970 | |a ΚΟΝΤΟΥ |b ΠΑΡΑΣΚΕΥΗ |z 2008/12/02 | ||